Králikovci v rovnošate ozbrojených síl a ozbrojených zborov

Bibliographic Details
Main Author: Králik, Jozef, 1953- (Author)
Format: Book
Language:Slovak
Published: Brno Tribun EU 2016
Edition:1. vyd.
Subjects:

MARC

LEADER 00000nam a2200000 a 4500
001 vtls011582613
003 SK-MaSNL
005 20260302052733.0
008 240318s2016 xr hoc g 000 0cslo
015 |a SNBZSA2017/04 
020 |a 9788026310341  |q (brožované)  |z 9781565812314 
035 |a urn:nbn:sk:snk-am00dh94 
035 |a urn:nbn:sk:snk-am3i26w 
035 |a B902BB3D-80AC-4008-8D5D-018A70EDF0A7 
040 |a SNK  |b slo  |c SNK  |e AACR2 
041 0 |a slo  |b eng  |b hun 
043 |a e-xo--- 
044 |a xo  |c SK 
072 7 |a 355/359  |x Vojenstvo. Obrana krajiny. Ozbrojené sily  |2 konspekt 
072 7 |a 929  |x Biografie  |2 konspekt 
080 |a 355.1  |2 2011 
080 |a 355-051  |2 2011 
080 |a (437.6)  |2 2011 
080 |a (092)  |2 2011 
080 |a (0:82-94)  |2 2011 
100 1 |a Králik, Jozef,  |d 1953-  |4 aut  |9 192793 
245 1 0 |a Králikovci v rovnošate ozbrojených síl a ozbrojených zborov  |c Jozef Králik 
250 |a 1. vyd. 
260 |a Brno  |b Tribun EU  |c 2016 
300 |a 267 s.  |b faksim., fotogr., portréty  |c 21 cm  |e 1 CD-ROM 
504 |a Bibliogr. ; bibliogr. odkazy 
546 |a Resumé v angl. a maď. jazyku 
650 0 7 |a ozbrojené sily  |2 SNKPH  |9 1644 
650 0 7 |a vojaci  |2 SNKPH  |9 20587 
650 0 7 |a Armed forces  |2 SNKPHeng  |9 267750 
650 0 7 |a Soldiers  |2 SNKPHeng  |9 286109 
651 7 |a Slovensko  |2 SNKPH 
651 7 |a Slovakia  |2 SNKPHeng  |9 92630 
655 7 |a biografie  |2 SNKPH  |9 27965 
655 7 |a Biography  |2 SNKPHeng  |9 266314 
655 7 |a spomienky  |2 SNKPH  |9 29509 
655 7 |a Reminiscences  |2 SNKPHeng  |9 93477 
852 |a Štátna vedecká knižnica v Banskej Bystrici 
919 |a 978-80-263-1034-1 
958 |a ZS 
958 |a NB 
999 |c 1106421  |d 1108351 
952 |a SNK  |b SNK  |y PREZ  |7 0  |p 17A1125329  |o snkSC 172924  |i snk2017/3519  |8 1  |0 0  |1 0  |4 0  |d 2017-02-08  |f 1  |l 0  |r 2025-09-11 00:00:00  |w 2026-02-24 
952 |a SNK  |b SNK  |y PREZ  |7 0  |p 17A1125330  |o snkSC 172924/príl.  |i snk2017/3519  |8 1  |3 Príloha: 1 CD  |0 0  |1 0  |4 0  |d 2017-02-08  |f 2  |l 0  |r 2025-09-11 00:00:00  |w 2026-02-24